| 000 | 00679nam a22002417a 4500 | ||
|---|---|---|---|
| 003 | UA-OsUOA | ||
| 001 | 45820 | ||
| 007 | ta | ||
| 008 | 20070517b un ||||| |||| 00| 0 ukr d | ||
| 100 | _aГаєвський Б. А. | ||
| 090 |
_a321.01:14 _bГ13 |
||
| 942 | _cBK | ||
| 040 |
_aUA-OsUOA _bukr _cUA-OsUOA _dUA-OsUOA |
||
| 245 | _aФілософія політики | ||
| 300 | _a158 с. | ||
| 955 | _a2 | ||
| 041 | _aukr | ||
| 080 | _a321.01:14 | ||
| 020 | _a966-642-235-2 | ||
| 260 |
_aК. _bВища школа _c2005 |
||
| 650 | 7 |
_a321 Форми політичних організацій. Держави як політичні влади _2UDC |
|
| 999 |
_c331908 _d331908 |
||